MARC

Tag First Indicator Second Indicator Subfields
LEADER 00000cam a2200000 a 4500
001 in00000577445
005 20151014073433.0
008 830624s1973 caubd b s00010 eng d
035 |a (OCoLC)09641204 
035 |9 ACP4472AM 
040 |a EST  |c EST  |d TXA  |d UtOrBLW 
043 |a n-us-ca 
049 1 |a TXA2 
088 |a 73-1 
090 |a QH91.A1  |b T64 no. 73-1 
100 1 |a Smethie, William M. 
245 1 0 |a Some aspects of the temperature, oxygen and nutrient distributions in Monterey Bay, California /  |c by William M. Smethie, Jr. 
264 1 |a [Moss Landing, Calif.] :  |b Moss Landing Marine Laboratories of the California State University and Colleges at Fresno, Hayward, Sacramento, San Francisco, San Jose, and Stanislaus,  |c 1973. 
300 |a 97 pages :  |b illustrations, graphs, tables. ;  |c 27 cm. 
336 |a text  |b txt  |2 rdacontent 
337 |a unmediated  |b n  |2 rdamedia 
338 |a volume  |b nc  |2 rdacarrier 
490 1 |a Contributions from the Moss Landing Marine Laboratories ;  |v no. 36 
490 1 |a Technical publication / Moss Landing Marine Laboratories ;  |v 73-1 
504 |a Bibliography: pages 88-91. 
650 0 |a Oceanography  |z California  |z Monterey Bay. 
650 0 |a Ocean temperature  |z California  |z Monterey Bay. 
650 0 |a Water  |x Dissolved oxygen. 
650 0 |a Mineralogy  |z California  |z Monterey Bay. 
651 0 |a Monterey Bay  |x Temperature. 
650 0 |a Dissolved oxygen. 
650 0 |a Nutrients. 
710 1 |a United States.  |b National Oceanic and Atmospheric Administration.  |b Office of Sea Grant.  |g Grant no. SGP2-94. 
830 0 |a Technical publication (Moss Landing Marine Laboratories) ;  |v no. 73-1. 
830 0 |a Contributions (Moss Landing Marine Laboratories) ;  |v no. 36. 
830 0 |a Contributions from the Moss Landing Marine Laboratories ;  |v no. 36. 
999 |a MARS 
999 f f |s d02e8cc4-42dc-3db1-9ade-bd01ffd4e1c9  |i dfe47b46-27cb-3678-8145-2d080058bf62  |t 0 
952 f f |p ric  |a Texas A&M University  |b Rellis Campus  |c Joint Library Facility  |d Remote Storage  |t 0  |e QH91.A1 T64 no. 73-1  |h Library of Congress classification  |i unmediated -- volume  |m A14809981690 
998 f f |a QH91.A1 T64 no. 73-1  |t 0  |l Remote Storage